| 000 | 004550000a22001690004500 | ||
|---|---|---|---|
| 003 | MACL | ||
| 005 | 20160804124417.0 | ||
| 008 | 160804b xxu||||| |||| 00| 0 eng d | ||
| 040 |
_aMACL _cMACL |
||
| 041 | _aEnglish | ||
| 082 | _a204 LAT | ||
| 100 |
_aUpton, Major R D _966167 |
||
| 245 |
_aGleanings from the Desert of Arabia _cMajor R. D. Upton |
||
| 260 |
_bC Kegan Paul & Co _c1881 _aLondon |
||
| 650 |
_aTravel _966168 |
||
| 942 |
_cBK _k915.3/UPT _2ddc |
||
| 999 |
_c37856 _d37856 |
||